000 01231nam a2200313 a 4500
003 BLK
005 20250718162622.0
008 240902b bul|||||r ||||||| ||bul||
020 _a9789543898015
040 _aBLK
041 _aBUL
_cBUL
080 _aАмериканска литература (на САЩ)
_b821.111(73)
_x-312.4
_z821.111(73)-312.4
100 1 _aДивър, Джефри Уилдс
_9366681
245 1 0 _aУбийствено близо
_cДжефри Уилдс Дивър, Изабела Малдонадо ; прев. от англ. Надя Златкова
257 _aUSA
260 _aСофия
_bЕра
_c2024
300 _a447 с.
_c20 см
380 _aX
490 _9201572
_aЕратрилър
500 _aОриг. загл. Fatal Intrusion / Jeffery Deaver, Isabella Maldonado
700 _aМалдонадо, Изабела
_9494244
700 _aЗлаткова, Надя Иванова
_d1957 -
_9363518
852 _bП
_c821-31/Д 53 Д
856 4 _qpdf
856 4 _qpdf
942 _cKNG
_n0
_0147
_s1
944 _a30560
_cГеновева Генчева
_k30576
_lЦветомила Тодорова
999 _c516334
_d516334